Комунікативна спрямованість фразеологічних одиниць в англомовному політичному дискурсі (на матеріалі американського журналу "Foreign Affairs") (Запис № 283899)

МАРК-запис
000 -LEADER
fixed length control field 02268nam a22001577a 4500
041 ## - LANGUAGE CODE
Language code of text/sound track or separate title ukr
080 ## - UNIVERSAL DECIMAL CLASSIFICATION NUMBER
Universal Decimal Classification number 09
090 ## - LOCALLY ASSIGNED LC-TYPE CALL NUMBER (OCLC); LOCAL CALL NUMBER (OCLC)
Local cutter number (OCLC) ; Book number/undivided call number, CALL (RLIN) ПОХ
100 ## - MAIN ENTRY--PERSONAL NAME
Personal name Похилюк Н.П.
245 ## - TITLE STATEMENT
Title Комунікативна спрямованість фразеологічних одиниць в англомовному політичному дискурсі (на матеріалі американського журналу "Foreign Affairs")
260 ## - PUBLICATION, DISTRIBUTION, ETC. (IMPRINT)
Place of publication, distribution, etc Острог
Name of publisher, distributor, etc КАФ
Date of publication, distribution, etc 2007
300 ## - PHYSICAL DESCRIPTION
Extent 53
520 ## - SUMMARY, ETC.
Summary, etc ВСТУП.<br/>Розділ 1. Дискурс в сучасній лінгвістичній науці.<br/>1.1. Трактування дискурсу в сучасній лінгвістичній науці.<br/>1.2.Основні характеристики дискурсу.<br/>1.3. Лексико стилістичні особливості політичного дискурсу.<br/>Розділ 2 Функції публіцистичних текстів.<br/>2.1. Комунікативна сппрямованість політичного тексту.<br/>2.2. Прагматична функція.<br/>2.3. Експресивна функція.<br/>2.4. Оцінна функція.<br/>Розділ 3. Фразеологізми як показник комунікативної спрямованності політичних текстів американської публіцистики.<br/>3.1. Поняття та особливості фразеологічної одиниці.<br/>3.2. Тематична класифікація фразеологічних одиниць в англомовному політичному дискурсі.<br/>3.2.1. Суспільнополітичне життя МОРЕ.<br/>3.2.2. Суспільнополітичне життя ВІЙНА.<br/>3.2.3. Суспільнополітичне життя ДОРОГА.<br/>3.2.4. Суспільнополітичне життя ГРОШІ.<br/>3.2.5. Суспільнополітичне життя СПОРТ.<br/>3.2.6. Суспільнополітичне життя КУХНЯ.<br/>3.2.7. Суспільнополітичне життя РЕЛІГІЯ.<br/>ВИСНОВКИ.
-- фразеологічні одиниці, політичний дискурс
650 ## - SUBJECT ADDED ENTRY--TOPICAL TERM
Topical term or geographic name as entry element Research Papers
942 ## - ADDED ENTRY ELEMENTS (KOHA)
Koha item type Книги
Фонди
Withdrawn status Lost status Source of classification or shelving scheme Damaged status Not for loan Home library Current library Date acquired Source of acquisition Cost, normal purchase price Total Checkouts Full call number Barcode Date last seen Price effective from Koha item type
    Universal Decimal Classification     ВІЛ - Відділ іноземн. літератури НБ ВІЛ - Відділ іноземн. літератури НБ 16/04/2009 Акт №1 1.00   09 213696 15/12/2021 16/04/2009 Книги